Countries with the Highest Tariffs - Statistics

General Stats
  • This quiz has been taken 32 times
  • The average score is 5 of 21
Answer Stats
Hint Answer % Correct
12.09% Iran
81%
12.37% Nigeria
44%
14.06% Venezuela
33%
10.16% Algeria
30%
18.69% Belize
26%
16.62% Fiji
26%
10.51% Ghana
26%
10.99% Bangladesh
22%
13.62% Solomon Islands
22%
11.82% Barbados
19%
17.82% Gambia
19%
12.23% Guinea
19%
12.19% Mauritania
19%
11.60% Nepal
19%
13.07% Antigua and Barbuda
15%
11.65% Guinea Bissau
15%
10.19% Rwanda
15%
14.05% Sierra Leone
15%
12.66% Vanuatu
15%
11.31% Burundi
11%
12.18% Cape Verde
11%
No matching quizzes found
Score Distribution
Percent of People with Each Score
Percentile by Number Answered
Your Score History
You have not taken this quiz